000 00716nam a2200217Ii 4500
003 JO-AjNU
008 230605s9999||||xx |||||||||||||| ||und||
017 _a1993/5783
020 _a977-01-3435-x
040 _aJO-AjNU
_bara
_erda
_cJO-AjNU
041 _aara
050 1 4 _aDT73.D47.B5312 1993
100 3 _aتاليف بيربراير، موريس؛ ترجمة الدالى، عكاشة,
_eauthor
_940193
245 0 0 _aصناعة الخلود
264 3 1 _aالقاهرة: الهيئة المصرية العامة للكتاب،1993
300 _a170ص
336 _atext
_btxt
_2rdacontent
337 _aunmediated
_bn
_2rdamedia
338 _avolume
_bnc
_2rdacarrier
650 4 _aمصر-تاريخ
_940194
999 _aA17036
_c20604
_d20604